|
|
|
|
| LEADER |
00678nab a2200193 i 4500 |
| 001 |
acta24018 |
| 005 |
20210601141044.0 |
| 008 |
161017s1977 hu o 0|| eng d |
| 022 |
|
|
|a 0001-6721
|
| 040 |
|
|
|a SZTE Egyetemi Kiadványok Repozitórium
|b hun
|
| 041 |
|
|
|a eng
|
| 100 |
1 |
|
|a Szörényi Tamás
|
| 245 |
1 |
0 |
|a Emission spectra of Mn2+ in borate glasses
|h [elektronikus dokumentum] /
|c Szörényi Tamás
|
| 260 |
|
|
|c 1977
|
| 300 |
|
|
|a 259-261
|
| 490 |
0 |
|
|a Acta physica et chemica
|v 23 No. 2-3
|
| 695 |
|
|
|a Természettudomány, Kémia, Fizika
|
| 700 |
0 |
1 |
|a Szanka Károly
|e aut
|
| 856 |
4 |
0 |
|u http://acta.bibl.u-szeged.hu/24018/1/phys_chem_023_fasc_002_003_259-261.pdf
|z Dokumentum-elérés
|